The stones of Venice / (Record no. 18170)
[ view plain ]
| 000 -LEADER | |
|---|---|
| fixed length control field | 00897pam a2200277 a 4500 |
| 001 - CONTROL NUMBER | |
| control field | 006928600 |
| 003 - CONTROL NUMBER IDENTIFIER | |
| control field | EG-ScBUE |
| 005 - DATE AND TIME OF LATEST TRANSACTION | |
| control field | 20221110041552.0 |
| 008 - FIXED-LENGTH DATA ELEMENTS--GENERAL INFORMATION | |
| fixed length control field | 040728s2003 maubko f 001 0 eng d |
| 020 ## - INTERNATIONAL STANDARD BOOK NUMBER | |
| International Standard Book Number | 030681286X |
| 020 ## - INTERNATIONAL STANDARD BOOK NUMBER | |
| International Standard Book Number | 9780306812866 |
| 040 ## - CATALOGING SOURCE | |
| Original cataloging agency | EG-ScBUE |
| Language of cataloging | eng |
| Description conventions | rda |
| Transcribing agency | EG-ScBUE |
| Modifying agency | EG-ScBUE |
| 043 ## - GEOGRAPHIC AREA CODE | |
| Geographic area code | e-it--- |
| 082 04 - DEWEY DECIMAL CLASSIFICATION NUMBER | |
| Classification number | 720.94531 |
| Edition number | 22 |
| Item number | RUS |
| 100 1# - MAIN ENTRY--PERSONAL NAME | |
| Personal name | Ruskin, John, |
| Dates associated with a name | 1819-1900, |
| Relator term | author. |
| 9 (RLIN) | 35779 |
| 245 14 - TITLE STATEMENT | |
| Title | The stones of Venice / |
| Statement of responsibility, etc | John Ruskin ; edited and abridged by J. G. Links. |
| 250 ## - EDITION STATEMENT | |
| Edition statement | Second edition. |
| 264 #1 - PUBLICATION, DISTRIBUTION, ETC. (IMPRINT) | |
| Place of publication, distribution, etc | Cambridge, MA : |
| Name of publisher, distributor, etc | Da Capo Press, |
| Date of publication, distribution, etc | 2003. |
| 300 ## - PHYSICAL DESCRIPTION | |
| Extent | 254 pages : |
| Other physical details | forms, maps, photographs ; |
| Dimensions | 21 cm |
| 500 ## - GENERAL NOTE | |
| General note | Includes index.<br/> |
| 650 #7 - SUBJECT ADDED ENTRY--TOPICAL TERM | |
| Topical term or geographic name as entry element | Architecture |
| Geographic subdivision | Italy |
| -- | Venice. |
| Source of heading or term | BUEsh |
| 9 (RLIN) | 35924 |
| 653 ## - INDEX TERM--UNCONTROLLED | |
| Resource For college | Engineering, Architecture |
| Arrived date list | April2014 |
| 655 ## - INDEX TERM--GENRE/FORM | |
| Form subdivision | Reading book |
| 9 (RLIN) | 34232 |
| 700 1# - ADDED ENTRY--PERSONAL NAME | |
| Personal name | Links, J. G., |
| Relator term | editor. |
| 9 (RLIN) | 35925 |
| 942 ## - ADDED ENTRY ELEMENTS (KOHA) | |
| Source of classification or shelving scheme | Dewey Decimal Classification |
| Call number prefix | 720.94531 RUS |
| Koha item type | Book - Borrowing |
| Withdrawn status | Lost status | Source of classification or shelving scheme | Damaged status | Not for loan | Collection code | Home library | Current library | Shelving location | Date acquired | Source of acquisition | Cost, normal purchase price | Total Checkouts | Total Renewals | Full call number | Barcode | Date last seen | Date checked out | Cost, replacement price | Price effective from | Koha item type |
|---|---|---|---|---|---|---|---|---|---|---|---|---|---|---|---|---|---|---|---|---|
| Dewey Decimal Classification | Baccah | Central Library | Central Library | Second Floor | 14/04/2014 | 220.00 | 1 | 12 | 720.94531 RUS | 000035895 | 15/07/2025 | 05/11/2016 | 275.00 | 14/04/2014 | Book - Borrowing |